[Event "Let's Play Chess!"]
[Site "http://www.queenalice.com/game.php?id=1059563"]
[Date "2012.5.14"]
[Round "-"]
[White "dnptrs"]
[Black "Publio"]
[Result "1-0"]
[WhiteElo "2193"]
[BlackElo "1734"]

1. d4 d5 2. Nf3 Bf5 3. e3 Be4 4. c4 Nf6 5. cxd5 Nxd5 6. Nbd2 e6 7. Nxe4 f5 8.
Nc3 Bb4 9. Bd2 Bxc3 10. bxc3 O-O 11. Rb1 b6 12. Qc2 Nc6 13. Bd3 g6 14. Ba6 Qf6
15. Bb7 Nxd4 16. exd4 Rad8 17. Bg5 Qf7 18. Bxd8 Rxd8 19. Ne5 Qf8 20. O-O Rd6 21.
c4 Nf6 22. d5 exd5 23. cxd5 Ne4 24. Qxc7 Nd2 25. Nc4 Nxf1 26. Nxd6 Nd2 27. Rd1
Ne4 28. Nxe4 fxe4 29. d6 Qf4 30. Qe7 Qg4 31. Rc1 Qf5 32. Rc7 g5 33. Qg7# 1-0

[Event "Challenge"]
[Site "http://www.queenalice.com/game.php?id=1065413"]
[Date "2012.5.29"]
[Round "-"]
[White "Publio"]
[Black "plot24"]
[Result "1-0"]
[WhiteElo "1750"]
[BlackElo "1945"]

1. e4 e5 2. d4 exd4 3. Qxd4 Nc6 4. Qd1 Bd6 5. f4 Nf6 6. Nc3 Qe7 7. Bd3 Nd4 8. e5
Bb4 9. Ne2 Nxe2 10. Qxe2 Nd5 11. Bd2 h6 12. Nxd5 1-0

[Event "Challenge"]
[Site "http://www.queenalice.com/game.php?id=1066524"]
[Date "2012.5.31"]
[Round "-"]
[White "filomenos"]
[Black "Publio"]
[Result "1-0"]
[WhiteElo "1854"]
[BlackElo "1758"]

1. d4 d5 2. g3 Nc6 3. Bg2 Nf6 4. Nf3 h6 5. Bf4 g5 6. Be5 e6 7. Bxf6 Qxf6 8. c3
Bg7 9. O-O O-O 10. Nbd2 Ne7 11. e4 c6 12. exd5 exd5 13. Re1 Bg4 14. Qb3 b5 15.
Ne5 Qd6 16. Nxg4 a5 17. a4 b4 18. Re2 bxc3 19. bxc3 Rab8 20. Qc2 f5 21. Rae1 Rf7
22. Ne5 Bxe5 23. Rxe5 Kf8 24. Nb3 Qc7 25. Nc5 Qa7 26. Ne6+ Kg8 27. Qe2 Ng6 28.
Re3 Re7 29. Qc2 Rf7 30. Nc5 Kg7 31. Re6 Qc7 32. Na6 Qb6 33. Nc5 Qc7 34. Na6 Qc8
35. Nc5 Qf8 36. Rxc6 Re7 37. Ne6+ Rxe6 38. Rexe6 Ne7 39. Rc7 Re8 40. Bxd5 Kh8
41. Qe2 g4 42. Rcxe7 Rxe7 43. Rxe7 Qf6 44. Re8+ Kg7 45. Qe5 h5 46. Qxf6+ Kxf6
47. c4 f4 48. c5 fxg3 49. fxg3 Kg7 50. c6 1-0

[Event "Challenge"]
[Site "http://www.queenalice.com/game.php?id=1066525"]
[Date "2012.5.31"]
[Round "-"]
[White "charles31"]
[Black "Publio"]
[Result "1/2-1/2"]
[WhiteElo "1831"]
[BlackElo "1773"]

1. e4 e5 2. Nf3 d6 3. h3 Nf6 4. Bc4 a6 5. Nc3 b5 6. Bb3 c5 7. Bd5 Ra7 8. d3 b4
9. Ne2 Nxd5 10. exd5 Bb7 11. c4 bxc3 12. Nxc3 f5 13. Bg5 Be7 14. Bxe7 Qxe7 15.
Qd2 O-O 16. Qe2 e4 17. dxe4 fxe4 18. O-O a5 19. Rfe1 Nd7 20. Qxe4 Qxe4 21. Rxe4
Nf6 22. Re6 Bxd5 23. Rxd6 Bxf3 24. gxf3 Nd7 25. Rad1 Rf7 26. Nb5 Rb7 27. a4 Kf8
28. Kg2 Ke7 29. Re1+ Kd8 30. Rde6 Nf6 31. R1e5 Rfe7 32. Rxe7 Rxe7 33. Rxc5 Nd7
34. Rd5 Re5 35. Rd6 Ke7 36. Ra6 Re2 37. Rxa5 Rxb2 38. Nd4 Ra2 39. Ra7 Kd6 40.
Nf5+ Kc6 41. Nxg7 Nb6 42. a5 Nc8 43. Ra8 Kb7 44. Rxc8 Kxc8 45. Kg3 Rxa5 46. h4
Ra7 47. Nf5 Kd8 48. f4 Kd7 49. Kg4 Ke6 50. h5 Kf6 51. Nd6 Ra6 52. Ne4+ Kg7 53.
f5 Ra1 54. f6+ Kf7 55. f4 h6 56. Kf5 Ra5+ 57. Kg4 Ra1 58. Kf5 Ra5+ 59. Kg4 Ra1
60. Kh4 Ra4 61. Nd6+ Kxf6 62. Kg4 Ra1 63. Ne4+ Ke6 64. Nc5+ Kf6 65. Nd7+ Ke6 66.
Nc5+ Kf6 67. Ne4+ Ke6 68. Nc5+ 1/2-1/2

[Event "Challenge"]
[Site "http://www.queenalice.com/game.php?id=1066526"]
[Date "2012.5.31"]
[Round "-"]
[White "leokhine"]
[Black "Publio"]
[Result "1/2-1/2"]
[WhiteElo "1782"]
[BlackElo "1740"]

1. e4 e5 2. Nf3 d6 3. Nc3 Bg4 4. d3 Nc6 5. Be2 Bxf3 6. Bxf3 Nf6 7. Bg5 Nd4 8.
O-O Be7 9. Bxf6 Bxf6 10. Nd5 c6 11. Nxf6+ Qxf6 12. c3 Nxf3+ 13. Qxf3 Qxf3 14.
gxf3 O-O 15. Kh1 f5 16. b3 f4 17. d4 Rf6 18. Rad1 c5 19. dxe5 dxe5 20. Rd5 b6
21. Rxe5 Kf7 22. Rd1 Re8 23. Red5 h6 24. Rd7+ Re7 25. h3 a5 26. R7d6 Kg6 27.
R6d5 Kh7 28. a3 g5 29. b4 cxb4 30. cxb4 axb4 31. axb4 Rc6 32. Kg2 Kg7 33. Rd7
Kf7 34. R7d6 Re6 35. Rd7+ Kf6 36. R1d5 Re5 37. R7d6+ Rxd6 38. Rxd6+ Re6 39. Rd5
Re5 40. Rd6+ Re6 41. Rd8 Ke7 42. Rd1 Rd6 43. Rc1 Kd7 44. Kf1 Rc6 45. Rd1+ Kc7
46. Ke2 Rc2+ 47. Rd2 Rc1 48. Rd1 Rc4 49. Rb1 b5 50. Kd2 Kd6 51. Kd3 Ke5 52. Kd2
Kd4 53. Rb3 Rc7 54. Ra3 h5 55. Ra6 Rh7 56. Rc6 g4 57. fxg4 hxg4 58. hxg4 Kxe4
59. Ke2 f3+ 60. Kd2 Rh2 61. Re6+ Kd5 62. Re3 Rxf2+ 63. Ke1 Rg2 64. Rxf3 Rxg4 65.
Rb3 Rd4 66. Ke2 Kc4 67. Rb1 Kc3 68. Ke3 Rxb4 69. Rc1+ Kb2 70. Rd1 Rb3+ 71. Kd4
Kc2 72. Rh1 Rd3+ 73. Kc5 Rb3 74. Rh2+ Kb1 75. Rh1+ Ka2 76. Rh2+ Kb1 77. Rh1+ Kc2
78. Rh2+ Kd1 79. Rh1+ Ke2 80. Rh2+ Kf1 81. Rh4 Ke2 82. Rb4 Rxb4 83. Kxb4 Kd3 84.
Kxb5 Kc3 1/2-1/2

[Event "Challenge"]
[Site "http://www.queenalice.com/game.php?id=1067293"]
[Date "2012.6.2"]
[Round "-"]
[White "Hourglass"]
[Black "Publio"]
[Result "1-0"]
[WhiteElo "2006"]
[BlackElo "1764"]

1. e4 e5 2. Nf3 d6 3. d4 Bg4 4. Be2 Bxf3 5. Bxf3 f6 6. dxe5 fxe5 7. Nc3 Nf6 8.
Bg5 Be7 9. Nd5 Nxd5 10. Bh6 gxh6 11. Bh5+ Kd7 12. Qg4+ Kc6 13. exd5+ Kxd5 14.
Rd1+ Kc6 15. Qa4+ b5 16. Bf3+ Kb6 17. Qb3 c6 18. c4 a6 19. a4 Nd7 20. cxb5 axb5
21. Bxc6 Nc5 22. Qxb5+ Kc7 23. Bxa8 Qxa8 24. O-O Rb8 25. Qe2 Nxa4 26. Ra1 Rxb2
27. Qxb2 Qxg2+ 28. Kxg2 Nxb2 29. Rfb1 e4 30. Rxb2 Kd7 31. Ra7+ Ke6 32. Rbb7 Bg5
33. Rxh7 Bd2 34. h4 d5 35. Rad7 e3 36. Rhe7+ Kf6 37. fxe3 Be1 38. Kh3 Bb4 39.
Re8 h5 40. Rxd5 Kf7 41. Ra8 Ke6 42. Rxh5 Bc3 43. Ra6+ Kf7 44. Rh7+ Bg7 45. Rh5
Bc3 46. Rb5 Kg8 47. Rb7 Bg7 48. h5 Bf8 49. Ra8 1-0

[Event "Challenge"]
[Site "http://www.queenalice.com/game.php?id=1067294"]
[Date "2012.6.2"]
[Round "-"]
[White "Donyelko"]
[Black "Publio"]
[Result "1-0"]
[WhiteElo "1949"]
[BlackElo "1769"]

1. e4 e5 2. Nf3 d6 3. Bc4 Bg4 4. d3 Nc6 5. Be3 Nf6 6. Nbd2 a6 7. h3 Bxf3 8. Qxf3
b5 9. Bb3 Be7 10. g4 O-O 11. O-O-O a5 12. g5 Nd7 13. Bd5 Ra6 14. Bxc6 Rxc6 15.
h4 b4 16. d4 Qa8 17. d5 Ra6 18. h5 f6 19. Qg4 Qc8 20. Qe6+ Kh8 21. h6 g6 22.
Qxe7 Rg8 23. gxf6 Qe8 24. Bg5 Qxe7 25. fxe7 Raa8 26. Nc4 Nc5 27. Bf6+ Rg7 28.
Bxg7+ Kg8 29. f3 Re8 30. Bf8 a4 31. Rhf1 Nd7 32. f4 Nxf8 33. exf8=Q+ Rxf8 34.
fxe5 dxe5 35. Rxf8+ Kxf8 36. Nxe5 Ke7 37. Nc6+ Kf6 38. e5+ Kf7 39. Rf1+ Ke8 40.
e6 g5 41. e7 b3 42. Rf8+ Kd7 43. e8=Q+ Kd6 44. axb3 Kxd5 45. Qd7+ 1-0

[Event "Challenge"]
[Site "http://www.queenalice.com/game.php?id=1068317"]
[Date "2012.6.5"]
[Round "-"]
[White "pomar"]
[Black "Publio"]
[Result "1-0"]
[WhiteElo "2049"]
[BlackElo "1774"]

1. f3 e5 2. Kf2 d5 3. e3 Nc6 4. g3 Nf6 5. c4 d4 6. d3 Bc5 7. e4 Nb4 8. a3 Nc6 9.
b4 Nxe4+ 10. fxe4 Qf6+ 11. Qf3 Be7 12. Qxf6 Bxf6 13. Bh3 O-O 14. Bxc8 Raxc8 15.
Nf3 g5 16. Bxg5 Bxg5 17. Nxg5 h6 18. Nf3 f5 19. Nbd2 Kh7 20. Kg2 f4 21. b5 Na5
22. Nxe5 Rce8 23. Ndf3 Rg8 24. Nd7 Kg6 25. Nxd4 Rd8 26. Ne5+ Kf6 27. Ndf3 Nb3
28. Rad1 Rg7 29. Rhg1 h5 30. Kh3 fxg3 31. Rxg3 Rxg3+ 32. hxg3 Nd4 33. Nxd4 Rxd4
34. Nf3 Rd7 35. d4 a6 36. a4 a5 37. Ne5 Rg7 38. Rf1+ Ke6 39. Rf5 c6 40. Rxh5
cxb5 41. Rh6+ Ke7 42. cxb5 Rg8 43. Rb6 Rb8 44. Nc6+ bxc6 45. Rxb8 1-0

[Event "Challenge"]
[Site "http://www.queenalice.com/game.php?id=1068970"]
[Date "2012.6.6"]
[Round "-"]
[White "squarsh"]
[Black "Publio"]
[Result "1-0"]
[WhiteElo "1934"]
[BlackElo "1775"]

1. e4 e5 2. Bc4 c6 3. Nc3 b5 4. Bb3 Bb4 5. Nf3 Bxc3 6. bxc3 d6 7. O-O Nf6 8. d3
O-O 9. Bg5 Nbd7 10. Qd2 Qb6 11. Kh1 a5 12. a3 a4 13. Ba2 Kh8 14. Be3 c5 15. Ng5
h6 16. Nxf7+ Rxf7 17. Bxf7 Nf8 18. Bxh6 gxh6 19. Qxh6+ N6h7 20. f4 Qc7 21. fxe5
dxe5 22. Bd5 Bb7 23. Rf7 Ra6 24. Rxf8# 1-0

[Event "Let's Play Chess!"]
[Site "http://www.queenalice.com/game.php?id=1069864"]
[Date "2012.6.8"]
[Round "-"]
[White "Zorro64"]
[Black "Publio"]
[Result "1-0"]
[WhiteElo "2085"]
[BlackElo "1778"]

1. d4 d5 2. c4 e6 3. Nf3 c6 4. e3 Nf6 5. Bd3 Bb4+ 6. Bd2 Qa5 7. O-O Bxd2 8.
Nbxd2 Qc7 9. c5 b5 10. b4 a5 11. a4 O-O 12. axb5 cxb5 13. Bxb5 Bd7 14. Bxd7
Nbxd7 15. b5 e5 16. b6 Qc6 17. Qa4 Qxa4 18. Rxa4 e4 19. Ne5 Nxe5 20. dxe5 Nd7
21. Rc1 Nxe5 22. c6 Nd3 23. Rca1 Nb4 24. Rxb4 axb4 25. Rxa8 Rxa8 26. b7 Rb8 27.
c7 Rf8 28. b8=Q f5 29. c8=Q Rxc8 30. Qxc8+ Kf7 31. Qxf5+ 1-0

[Event "Challenge"]
[Site "http://www.queenalice.com/game.php?id=1069895"]
[Date "2012.6.8"]
[Round "-"]
[White "jiujitsubr"]
[Black "Publio"]
[Result "1-0"]
[WhiteElo "1805"]
[BlackElo "1765"]

1. d4 d5 2. c4 Nf6 3. Nc3 e6 4. e3 Bb4 5. a3 Bxc3+ 6. bxc3 O-O 7. Bd3 Nc6 8. Ne2
e5 9. f3 e4 10. fxe4 dxe4 11. Bc2 Na5 12. O-O Nxc4 13. Ng3 Ng4 14. Nxe4 Ngxe3
15. Bxe3 Nxe3 16. Qd3 Nxf1 17. Rxf1 Be6 18. Nf6+ Qxf6 19. Qxh7# 1-0

[Event "Challenge"]
[Site "http://www.queenalice.com/game.php?id=1069896"]
[Date "2012.6.8"]
[Round "-"]
[White "Publio"]
[Black "blackwolf"]
[Result "1-0"]
[WhiteElo "1741"]
[BlackElo "1766"]

1. d4 d5 2. Nc3 Nf6 3. Bg5 g6 4. Nf3 Bg7 5. Bxf6 Bxf6 6. e3 O-O 7. Bd3 Bg4 8.
O-O Nc6 9. h3 Bxf3 10. Qxf3 Bg7 11. Bb5 e6 12. Bxc6 bxc6 13. Rad1 Re8 14. Qf4 e5
15. dxe5 Bxe5 16. Qg4 Bxc3 17. bxc3 Rb8 18. Qa4 Qf6 19. Rd3 Rb7 20. Rd4 Reb8 21.
Qa3 Qf5 22. Rf4 Qxc2 23. Kh2 Qb2 24. Qe7 Rf8 25. Rh4 Qe2 26. Kg1 h5 27. g4 Qf3
28. gxh5 Qf5 29. hxg6 fxg6 30. Qh7# 1-0

[Event "Challenge"]
[Site "http://www.queenalice.com/game.php?id=1073279"]
[Date "2012.6.17"]
[Round "-"]
[White "Paulsains"]
[Black "Publio"]
[Result "0-1"]
[WhiteElo "1959"]
[BlackElo "1742"]

1. e4 e5 2. Nf3 d6 3. Bc4 h6 4. O-O Bg4 5. Be2 Nc6 6. d3 Bxf3 7. Bxf3 g5 8. Nc3
Nd4 9. Be3 c5 10. Nd5 Nf6 11. Bxd4 cxd4 12. Nxf6+ Qxf6 13. Bg4 h5 14. Bxh5 Bh6
15. Qf3 Qxf3 16. Bxf3 O-O 17. b4 b5 18. a4 a6 19. axb5 axb5 20. Ra5 Rxa5 21.
bxa5 Ra8 22. Ra1 Kg7 23. Kf1 Kg6 24. g4 Ra6 25. Ke1 Bf8 26. Kd2 Be7 27. c3 Bd8
28. cxd4 Bxa5+ 29. Ke3 Bd2+ 30. Kxd2 Rxa1 31. dxe5 dxe5 32. Bd1 Ra2+ 33. Ke3 Ra1
34. Kd2 b4 35. Kc2 Ra2+ 36. Kb3 Rd2 37. Bc2 Rxf2 38. Bd1 Rxh2 39. Kxb4 Rd2 40.
Ba4 Rxd3 41. Bc2 Rd2 42. Kc3 Rg2 43. Bd1 Rf2 44. Kd3 Rh2 45. Kc4 Rh1 46. Bf3 Rf1
47. Be2 Rf2 48. Bd1 Ra2 49. Bf3 Kf6 50. Kd5 Rd2+ 51. Kc4 Rf2 52. Bd1 Ke6 53. Kd3
Rb2 54. Kc4 Kd6 55. Bf3 Rb1 56. Be2 Rc1+ 57. Kb5 Rb1+ 58. Kc4 Rb2 59. Bf3 Ra2
60. Bd1 Rd2 61. Bf3 Kc6 62. Kc3 Rd4 63. Bg2 Kc5 64. Bf3 Rc4+ 65. Kd3 Ra4 66. Be2
Kb4 67. Bd1 Ra3+ 68. Kc2 Kc4 69. Kd2 Rd3+ 70. Ke2 Kd4 71. Bc2 Rh3 72. Bb3 Rxb3
0-1

[Event "Challenge"]
[Site "http://www.queenalice.com/game.php?id=1073280"]
[Date "2012.6.17"]
[Round "-"]
[White "Andrez"]
[Black "Publio"]
[Result "1-0"]
[WhiteElo "2014"]
[BlackElo "1758"]

1. f4 d5 2. Nf3 Bg4 3. e3 e6 4. b3 Qd6 5. Bb2 f6 6. Be2 Bxf3 7. Bxf3 c6 8. O-O
Na6 9. a4 Nh6 10. Ba3 c5 11. d4 b6 12. Qe2 Nc7 13. Nd2 g6 14. c4 O-O-O 15. Rfc1
Bg7 16. dxc5 bxc5 17. cxd5 exd5 18. Bxc5 Qe6 19. Bxa7 Kd7 20. a5 Nf5 21. Bb6 Rc8
22. Bg4 h5 23. Bxf5 gxf5 24. Nf3 Qe4 25. Nd4 Bf8 26. Bxc7 Rxc7 27. Rxc7+ Kd8 28.
Rac1 Ba3 29. Rc8+ Ke7 30. R1c7+ Kd6 31. Qa6# 1-0

[Event "Challenge"]
[Site "http://www.queenalice.com/game.php?id=1073282"]
[Date "2012.6.17"]
[Round "-"]
[White "eduardofelix"]
[Black "Publio"]
[Result "1-0"]
[WhiteElo "1880"]
[BlackElo "1785"]

1. e4 e5 2. Nf3 Nc6 3. Bc4 Nf6 4. d3 Bc5 5. h3 d5 6. exd5 Nxd5 7. O-O O-O 8.
Bxd5 Qxd5 9. c4 Qd6 10. a3 Bf5 11. Ne1 Nd4 12. b4 Bb6 13. c5 Bxc5 14. bxc5 Qxc5
15. Be3 b5 16. Nf3 Rfe8 17. Nxd4 exd4 18. Bf4 a5 19. Qf3 Qc2 20. Rd1 c5 21. Bd6
g6 22. g4 Be6 23. Nd2 c4 24. dxc4 bxc4 25. Rac1 Qa4 26. Be5 d3 27. Qf6 Kf8 28.
Ne4 Qc6 29. Ng5 Red8 30. Nxf7 Bxf7 31. Qxc6 Rdc8 32. Qd6+ Kg8 33. Qf6 Kf8 34.
Qg7+ Ke7 35. Qxh7 Ke6 36. f4 Ra7 37. Qh4 Re7 38. Qf2 Kd7 39. Qa7+ Ke8 40. Qxa5
Re6 41. Rxd3 Rec6 42. Rd4 Rc5 43. Rd8+ Ke7 44. Bd6+ Ke6 45. Bxc5 Rxc5 46. Qxc5
1-0

[Event "Challenge"]
[Site "http://www.queenalice.com/game.php?id=1073293"]
[Date "2012.6.17"]
[Round "-"]
[White "betofortaleza"]
[Black "Publio"]
[Result "1-0"]
[WhiteElo "1896"]
[BlackElo "1751"]

1. e4 e5 2. Bc4 a6 3. d3 b5 4. Bd5 c6 5. Bxf7+ Kxf7 6. Qh5+ g6 7. Qxe5 Nf6 8.
Bg5 d6 9. Qf4 Bg7 10. Nf3 Re8 11. O-O Nd7 12. Qxd6 Re6 13. Qf4 Kg8 14. e5 Nh5
15. Qe3 Qc7 16. d4 Bb7 17. b4 a5 18. c3 a4 19. a3 Rf8 20. Nbd2 Kf7 21. Bh6 Kg8
22. Ne4 c5 23. Bxg7 Nxg7 24. Nfg5 Nf5 25. Qh3 Nb6 26. Nxe6 Qf7 27. Nxf8 Qxf8 28.
Nf6+ Kf7 29. Qxh7+ Ke6 30. Qxb7 Qd8 31. bxc5 Nc4 32. Qxb5 Nd2 33. Qc6+ Kf7 34.
Rfd1 Nb3 35. Rab1 Qa5 36. Rd3 g5 37. Rh3 Nh4 38. Qe8+ Kg7 39. g3 g4 40. Rxh4
Qxc3 41. Rxg4+ Kh6 42. Qh8# 1-0

[Event "Challenge"]
[Site "http://www.queenalice.com/game.php?id=1073305"]
[Date "2012.6.17"]
[Round "-"]
[White "jcdu32"]
[Black "Publio"]
[Result "1-0"]
[WhiteElo "1870"]
[BlackElo "1751"]

1. e4 e5 2. Nf3 d6 3. Nc3 Bg4 4. Be2 h5 5. h3 Bxf3 6. Bxf3 Nc6 7. Nd5 g6 8. c3
f5 9. d3 f4 10. d4 Nf6 11. Qa4 a6 12. Nxf6+ Qxf6 13. d5 b5 14. Qd1 Na5 15. Bd2
Bh6 16. b3 g5 17. Ke2 c5 18. c4 b4 19. Bxh5+ Ke7 20. Kd3 Nb7 21. Bg4 a5 22. a4
Bg7 23. Qe2 Nd8 24. Raf1 Nf7 25. f3 Rh6 26. Rh2 Rh4 27. Be1 Rh6 28. Rfh1 Rah8
29. Bf2 Ke8 30. Qe1 Nd8 31. h4 Nf7 32. Be6 Nd8 33. hxg5 Qxg5 34. Bh4 Rxh4 35.
Rxh4 Rxh4 36. Qxh4 Qxg2 37. Bg4 Qa2 38. Rc1 Qxb3+ 39. Kd2 Qxa4 40. Qh5+ Nf7 41.
Be6 b3 42. Qxf7+ Kd8 43. Qg8+ Kc7 44. Qxg7+ Kb6 45. Bc8 Qa2+ 46. Kd1 a4 47. Qb7+
Ka5 48. Qb5# 1-0

[Event "Challenge"]
[Site "http://www.queenalice.com/game.php?id=1073307"]
[Date "2012.6.17"]
[Round "-"]
[White "kaskarker"]
[Black "Publio"]
[Result "1-0"]
[WhiteElo "1823"]
[BlackElo "1746"]

1. e4 e5 2. Nf3 d6 3. Bc4 Bg4 4. d3 a6 5. Bxf7+ Kxf7 6. Ng5+ Qxg5 7. Bxg5 Bxd1
8. Kxd1 h6 9. Bh4 g5 10. Bg3 Nc6 11. Nc3 Nf6 12. h4 g4 13. f3 Nd4 14. Rf1 Ke6
15. f4 Nh5 16. f5+ Kd7 17. Bf2 c5 18. Nd5 Kc6 19. c3 Nb5 20. a4 Nc7 21. Ne3 g3
22. Be1 Be7 23. Rh1 Nf4 24. Kd2 Nxg2 25. Nxg2 Rag8 26. Rh3 Rg4 27. Ke3 Rhg8 28.
Kf3 d5 29. Bxg3 Bf6 30. Ne3 dxe4+ 31. dxe4 R4g7 32. Nc4 Re7 33. Rd1 Ne8 34. b4
Rgg7 35. Na5+ Kc7 36. bxc5 Rd7 37. Rxd7+ Rxd7 38. Ke3 Rd1 39. Nc4 Kc6 40. Nxe5+
Kxc5 41. Nd3+ Kb6 42. e5 Be7 43. Bf4 h5 44. Bg5 Bc5+ 45. Nxc5 Kxc5 46. Ke2 Ra1
47. f6 Ra2+ 48. Kd3 Rf2 49. Be3+ Kd5 50. Bxf2 Kxe5 51. f7 Nf6 52. f8=Q Ng4 53.
Bd4+ Kd5 54. Rh1 b5 55. Re1 bxa4 56. Qc5# 1-0

[Event "Challenge"]
[Site "http://www.queenalice.com/game.php?id=1074175"]
[Date "2012.6.20"]
[Round "-"]
[White "Publio"]
[Black "squarsh"]
[Result "0-1"]
[WhiteElo "1767"]
[BlackElo "1946"]

1. e4 d5 2. e5 Bf5 3. d4 c5 4. c3 Nc6 5. Bb5 e6 6. f4 Qc7 7. Na3 cxd4 8. Qxd4
Ne7 9. Bxc6+ Nxc6 10. Nb5 Qa5 11. a4 Nxd4 12. Nxd4 Be4 13. b4 Bxb4 14. cxb4
Qxb4+ 15. Kd1 Qxd4+ 16. Bd2 Qxa1+ 17. Ke2 Bxg2 0-1

[Event "Let's Play Chess!"]
[Site "http://www.queenalice.com/game.php?id=1075950"]
[Date "2012.6.24"]
[Round "-"]
[White "charles31"]
[Black "Publio"]
[Result "0-1"]
[WhiteElo "1731"]
[BlackElo "1752"]

1. d4 d5 2. Nc3 Nc6 3. h3 g6 4. Nf3 Bg7 5. Bf4 e6 6. e3 f5 7. Bb5 Bd7 8. Bxc6
Bxc6 9. Ne5 Nf6 10. Nxc6 bxc6 11. g4 O-O 12. gxf5 exf5 13. Qf3 Nh5 14. Kd2 Bf6
15. Rhg1 Kf7 16. h4 Bxh4 17. Rh1 Be7 18. Be5 Bf6 19. Rxh5 gxh5 20. Qxh5+ Kg7 21.
Rg1+ Kh8 22. Qxf5 Qe7 23. Qh5 Rg8 24. Bxf6+ Qxf6 25. Rxg8+ Rxg8 26. f4 Rg2+ 27.
Kc1 Qg6 28. Qe5+ Kg8 29. Qxc7 Qxc2# 0-1

[Event "Let's Play Chess!"]
[Site "http://www.queenalice.com/game.php?id=1075951"]
[Date "2012.6.24"]
[Round "-"]
[White "Publio"]
[Black "charles31"]
[Result "1-0"]
[WhiteElo "1733"]
[BlackElo "1783"]

1. e4 e5 2. d4 exd4 3. Qxd4 Nc6 4. Qd1 a6 5. Nf3 Bb4+ 6. c3 Ba5 7. b4 Bb6 8. Bc4
h6 9. O-O d6 10. Bd5 Bd7 11. a4 Ne5 12. Nxe5 dxe5 13. Bxb7 Ra7 14. Bd5 Qe7 15.
Ba3 Nf6 16. b5 Bc5 17. c4 axb5 18. cxb5 Bxa3 19. Rxa3 O-O 20. Qb3 Rb8 21. Nc3
Rb6 22. Rfa1 c6 23. Bc4 cxb5 24. axb5 Rab7 25. Qc2 Qc5 26. Bd5 Rc7 27. Ra8+ Kh7
28. R8a7 Bxb5 29. g3 Nxd5 30. exd5+ g6 31. Rxc7 Qxc7 32. Ra3 Bc4 33. Qe4 f5 34.
Qe3 g5 35. g4 f4 36. Qe4+ Kg7 37. Ra4 Bb5 38. Nxb5 Rxb5 39. Rc4 Qd6 40. Rc6 Qb8
41. Qg6+ Kf8 42. Qxh6+ Ke8 43. Re6+ Kd8 44. Qxg5+ Kc7 45. Qe7+ 1-0

[Event "Challenge"]
[Site "http://www.queenalice.com/game.php?id=1079269"]
[Date "2012.7.4"]
[Round "-"]
[White "squarsh"]
[Black "Publio"]
[Result "1-0"]
[WhiteElo "1893"]
[BlackElo "1789"]

1. e4 e5 2. Bc4 Nf6 3. Nc3 Bb4 4. d3 Bxc3+ 5. bxc3 d5 6. exd5 Nxd5 7. Bd2 O-O 8.
Nf3 Bg4 9. O-O c6 10. Qc1 Bxf3 11. gxf3 Qf6 12. Bxd5 cxd5 13. f4 Nc6 14. Kh1
exf4 15. Bxf4 h6 16. Rg1 Kh7 17. d4 Rg8 18. Qd2 g5 19. Be3 Rae8 20. f4 g4 21.
Qd3+ Kh8 22. Rg3 Ne7 23. Re1 Nf5 24. Rgg1 Nh4 25. Ref1 Nf3 26. Rg3 Rg7 27. Rgxf3
gxf3 28. Rxf3 Qg6 29. Qd2 1-0

[Event "Challenge"]
[Site "http://www.queenalice.com/game.php?id=1088115"]
[Date "2012.7.28"]
[Round "-"]
[White "Publio"]
[Black "plot24"]
[Result "1-0"]
[WhiteElo "1773"]
[BlackElo "1761"]

1. d4 d5 2. Nc3 Nf6 3. Bf4 c6 4. Nf3 e6 5. Ne5 Nh5 6. Be3 b6 7. g4 Nf6 8. g5
Nfd7 9. f4 c5 10. dxc5 bxc5 11. Nxd7 Qxd7 12. Bf2 Bb7 13. Rg1 Nc6 14. e3 g6 15.
a3 Bg7 16. Bb5 O-O 17. h4 e5 18. Nxd5 exf4 19. Nf6+ Bxf6 20. Qxd7 1-0